000 00777nam a2200253 a 4500
001 37148
003 BD-RjUL
005 20211209052601.0
008 141020s1976 nyua|||| |||| 001 0 eng d
020 _a0153624329
035 _a(BD-RjUL)37250
040 _aBD-RjUL
_beng
_cBD-RjUL
_dBD-RjUL
041 _aeng
082 _223
_a570
_bMOB 1976
100 _aMorholt, Evelyn L .
_9113595
245 _aBiology : patterns in living things /
_cEvelyn L Morholt, Paul Franz Brandwein.
260 _aNew York :
_bHarcourt Brace Jovanovich,
_cc1976.
300 _avii, 376 p.:
_bill. ;
_c25 cm.
500 _aIncludes index.
650 _aBiology
_vJuvenile literature.
_9113596
650 _aBiology
_9113597
700 _aBrandwein, Paul Franz
_9113598
942 _2ddc
_cBK
999 _c37148
_d37148